| 000 | 00670nam a2200217 a 4500 | ||
|---|---|---|---|
| 999 |
_c2157 _d2157 |
||
| 001 | 2157 | ||
| 003 | BD-JhCC | ||
| 005 | 20171030134640.0 | ||
| 008 | 171030s1987 bg a|||| ||a| 000 0 ben d | ||
| 035 | _a(BD-JhCC)2157 | ||
| 040 |
_aBD-JhCC _dBD-JhCC |
||
| 041 | _aben | ||
| 082 |
_a891.4409 _bMOH 1987 |
||
| 100 | _aমোহাম্মদ, ইসমাইল | ||
| 245 |
_aনাট্যকলার ক্রমবিকাশ / _cইসমাইল মোহাম্মদ |
||
| 260 |
_aঢাকা : _bবাংলা একাডেমী, _c1987. |
||
| 300 |
_a145 p. : _c22 cm. |
||
| 650 |
_aDrama _xBengali Literature |
||
| 942 |
_2ddc _cBK |
||